Encarrilar la economía

Zapisane w:
Opis bibliograficzny
Format: Texto
Hasła przedmiotowe:
Etykiety: Dodaj etykietę
Nie ma etykietki, Dołącz pierwszą etykiete!

MARC

LEADER 00000 a a2200000 04500
001 8139
003
040
245 |a Encarrilar la economía  
650 |a FMI  
650 |a FINANCIACION DEL DEFICIT  
650 |a POLITICA ECONOMICA  
650 |a CAMBIO ECONOMICO  
650 |a PRESTAMOS  
650 |a BALANZA DE PAGOS  
773 |g volumen 35; páginas 22-25  
999 |c 21931  |d 21931